Dreamweaver 3 / (Record no. 87254)

MARC details
000 -CABECERA
campo de control de longitud fija 00893nam a2200253 a 4500
005 - FECHA Y HORA DE LA ÚLTIMA TRANSACCIÓN
campo de control 20210223124500.0
008 - ELEMENTOS DE LONGITUD FIJA--INFORMACIÓN GENERAL
campo de control de longitud fija 011023s2000 es r 000 0 spa d
020 ## - NÚMERO INTERNACIONAL NORMALIZADO PARA LIBROS
Número Internacional Estándar del Libro 8441510393
035 ## - NÚMERO DE CONTROL DEL SISTEMA
Número de control de sistema UPN01000113346
049 ## - COLECCIÓN
Colección CG
050 #4 - SIGNATURA TOPOGRÁFICA DE LA BIBLIOTECA DEL CONGRESO
Número de clasificación TK5105.888 D7
Número de documento/Ítem C7.3
100 1# - ASIENTO PRINCIPAL--NOMBRE PERSONAL
Nombre de persona Crowder, David
245 10 - MENCIÓN DE TÍTULO
Título Dreamweaver 3 /
Mención de responsabilidad, etc. David Crowder, Rhonda Crowder ; tr. Javier Sevilla.
260 ## - PUBLICACIÓN, DISTRIBUCIÓN, ETC.
Lugar de publicación, distribución, etc. Madrid :
Nombre del editor, distribuidor, etc. Anaya Multimedia,
Fecha de publicación, distribución, etc. c2000.
300 ## - DESCRIPCIÓN FÍSICA
Extensión 912 p. +
Material acompañante/anejo 1 CD-ROM : son., col.; 4 3/4 plg.
440 #0 - MENCIÓN DE SERIE/ASIENTO SECUNDARIO--TÍTULO
Título Tecnología multimedia
500 ## - NOTA GENERAL
Nota general "Niveles: Medio y avanzado. Tipo de libro: referencia. Temática: Internet"
534 ## - NOTA SOBRE LA VERSIÓN ORIGINAL
Frase introductoria Traducción de:
Mención de título del original Macromedia dreamweaver 3 mastering
650 #4 - ASIENTO SECUNDARIO DE MATERIA - TERMINO TEMATICO
Término de materia o nombre geográfico como elemento de entrada DREAMWEAVER (ARCHIVO PARA COMPUTADORA)
9 (RLIN) 14225
650 #4 - ASIENTO SECUNDARIO DE MATERIA - TERMINO TEMATICO
Término de materia o nombre geográfico como elemento de entrada SITIOS WEB -
Subdivisión general PROGRAMAS DE AUTOR
650 #4 - ASIENTO SECUNDARIO DE MATERIA - TERMINO TEMATICO
Término de materia o nombre geográfico como elemento de entrada PUBLICACION EN WEB
9 (RLIN) 10719
700 1# - ASIENTO SECUNDARIO--NOMBRE DE PERSONAL
Nombre de persona Crowder, Rhonda,
Término indicativo de función/relación coaut.
905 ## - TIPO DE MATERIAL
Tipo de material Libro
Holdings
Estado de retiro Estado de pérdida Fuente del sistema de clasificación o colocación Estado dañado No para préstamo Código de colección Localización permanente Ubicación/localización actual Ubicación en estantería Total de préstamos Clasificación Código de barras Fecha visto por última vez Número de copia Tipo de ítem Koha
    Library of Congress Classification     Colección General Bib. Gregorio Torres Quintero Bib. Gregorio Torres Quintero Planta baja   TK5105.888 D7 C7.3 186945 31/12/2020 1 Libro